000 00416nam a22001817a 4500
003 MPLRDC
005 20220104144038.0
008 210129b ||||| |||| 00| 0 eng d
020 _a7-80601-278-8
082 _a857.623 YG-23
100 _a余过 著
245 _a换头
_c
250 _a一版一刷
260 _a
_b辽宁画报出版社
_c1998
300 _b
650 _a
942 _cBK
_o857.623 YG-23
999 _c45855
_d45845